[Event "XV Bancpost"]
[Site "Miercurea Ciuc"]
[Date "2012.08.09"]
[Round "7.5"]
[White "Vasile, Claudiu-Daniel"]
[Black "Vrencian, Lehel"]
[Result "1-0"]
[WhiteElo "2099"]
[BlackElo "1900"]
[PlyCount "45"]
[EventDate "2012.??.??"]

1. e4 c5 2. Nf3 d6 3. d4 cxd4 4. Nxd4 Nf6 5. Nc3 a6 6. Bg5 e6 7. f4 Be7 8. Qf3
Nbd7 9. O-O-O Qc7 10. g4 b5 11. Bxf6 Nxf6 12. g5 Nd7 13. f5 Bxg5+ 14. Kb1 O-O
15. fxe6 Ne5 16. Qg3 Qd8 17. Nf5 fxe6 18. Rxd6 Qc7 19. Qxe5 exf5 20. Rg1 Be3
21. Nd5 Bxg1 22. Nxc7 fxe4 23. Be2 1-0

[Event "XV Bancpost"]
[Site "Miercurea Ciuc"]
[Date "2012.08.09"]
[Round "7.6"]
[White "Suket, Mate"]
[Black "Serbanescu, Diana-Maria"]
[Result "1/2-1/2"]
[WhiteElo "1793"]
[BlackElo "1936"]
[PlyCount "94"]
[EventDate "2012.??.??"]

1. e4 e5 2. Nf3 Nc6 3. Bb5 a6 4. Bxc6 dxc6 5. d4 exd4 6. Qxd4 Qxd4 7. Nxd4 Bd7
8. Bd2 O-O-O 9. Ne2 Re8 10. Nbc3 Nf6 11. f3 g6 12. O-O-O Be6 13. Nd4 Nd7 14. a3
Bg7 15. Nce2 Bc4 16. b3 c5 17. bxc4 cxd4 18. c3 d3 19. Nf4 Ne5 20. c5 Rd8 21.
Nd5 c6 22. Nb6+ Kb8 23. Bf4 Ka7 24. Rd2 f6 25. Rhd1 Bf8 26. Bxe5 fxe5 27. Rxd3
Rxd3 28. Rxd3 Bxc5 29. Nc4 Re8 30. Kb2 Re7 31. Nd2 Kb6 32. h3 Kc7 33. a4 b5 34.
axb5 cxb5 35. Rd5 Bb6 36. Kc2 Kc6 37. c4 Bc7 38. Kb3 Rd7 39. cxb5+ axb5 40.
Rxd7 Kxd7 41. Kb4 Kc6 42. Nb3 g5 43. Kc3 Bd6 44. Nc1 Bc5 45. Nd3 Bd4+ 46. Kb3
Kb6 47. Nb4 Bc5 1/2-1/2

[Event "XV Bancpost"]
[Site "Miercurea Ciuc"]
[Date "2012.08.09"]
[Round "7.7"]
[White "Ilie, Maria-Ruxandra"]
[Black "Ghinea, Constantin"]
[Result "1/2-1/2"]
[WhiteElo "2004"]
[BlackElo "1796"]
[PlyCount "123"]
[EventDate "2012.??.??"]

1. d4 Nf6 2. Nf3 e6 3. c4 c5 4. d5 b5 5. Bg5 Qb6 6. Nbd2 Be7 7. e4 exd5 8. e5
Ng8 9. cxd5 Bxg5 10. Nxg5 Ne7 11. d6 Ng6 12. Qh5 Nc6 13. Nxh7 c4 14. O-O-O Qd4
15. Nf3 Qf4+ 16. Kb1 Nb4 17. Nd4 Bb7 18. f3 a6 19. Be2 O-O-O 20. g3 Qxe5 21.
Qxe5 Nxe5 22. Ng5 f6 23. Ne4 Nbc6 24. Nf5 Rh7 25. Ne7+ Nxe7 26. dxe7 Bxe4+ 27.
fxe4 Re8 28. Rd6 Kb7 29. Kc2 Rxe7 30. Kc3 a5 31. Rd5 Kb6 32. Rd6+ Nc6 33. Bf3
Kc7 34. Rd5 b4+ 35. Kc2 b3+ 36. Kc3 bxa2 37. h4 Rh8 38. Bg2 Rb8 39. Ra1 Rb3+
40. Kxc4 Rxg3 41. Bh1 Rh3 42. Bg2 Rxh4 43. Rxa2 d6 44. Ra1 Rh2 45. Rg1 Re8 46.
b3 Rb8 47. Kc3 Ra8 48. Bf3 Rh3 49. Rxg7+ Kb6 50. Rf5 Ne5 51. Kd4 Rxf3 52. Rxf3
Nxf3+ 53. Kd5 Rd8 54. Rg6 Nd2 55. Rg3 Kc7 56. Rd3 Nb1 57. Rf3 Rf8 58. Rh3 Rd8
59. Rf3 Rb8 60. Rxf6 Rb5+ 61. Kc4 Kc6 62. Rxd6+ 1/2-1/2

[Event "XV Bancpost"]
[Site "Miercurea Ciuc"]
[Date "2012.08.09"]
[Round "7.8"]
[White "Camarascu, Radu-Stefan"]
[Black "Georgescu, Gabriel-Ioan"]
[Result "0-1"]
[WhiteElo "1790"]
[BlackElo "1998"]
[PlyCount "68"]
[EventDate "2012.??.??"]

1. e4 c5 2. Nc3 Nc6 3. f4 g6 4. Nf3 Bg7 5. Bb5 Nd4 6. Bc4 e6 7. d3 Ne7 8. Be3
O-O 9. Bxd4 cxd4 10. Ne2 b5 11. Bb3 a5 12. a4 Qb6 13. O-O d5 14. Kh1 b4 15.
exd5 Nf5 16. Qd2 Ne3 17. Rfe1 Nxd5 18. Bxd5 exd5 19. Ng3 b3 20. cxb3 Qxb3 21.
Ne2 Qb6 22. Rab1 Rb8 23. Rec1 Re8 24. h3 Ba6 25. Rc2 Re3 26. Ne1 Bf8 27. Ng1
Rbe8 28. Ngf3 Bh6 29. g3 Qe6 30. Qxa5 Qxh3+ 31. Nh2 Qxg3 32. Ng2 Bxd3 33. Nxe3
dxe3 34. Rg2 Be4 0-1

[Event "XV Bancpost"]
[Site "Miercurea Ciuc"]
[Date "2012.08.09"]
[Round "7.9"]
[White "Voda, Costel"]
[Black "Padurean, Daniel-Cristian"]
[Result "1-0"]
[WhiteElo "1980"]
[BlackElo "1578"]
[PlyCount "83"]
[EventDate "2012.??.??"]

1. e4 c6 2. d4 d5 3. exd5 cxd5 4. Bd3 Nc6 5. c3 Nf6 6. Bf4 e6 7. Nf3 Bd6 8.
Bxd6 Qxd6 9. Nbd2 O-O 10. O-O b6 11. Re1 Bb7 12. Ne5 Qc7 13. Ndf3 Ne7 14. Ng5
Ng6 15. g3 Qe7 16. h4 h6 17. Nxg6 fxg6 18. Nxe6 Ne4 19. Nxf8 Rxf8 20. f3 Qd6
21. Qe2 Qxg3+ 22. Qg2 Rxf3 23. Bxe4 dxe4 24. Qxg3 Rxg3+ 25. Kh2 Rf3 26. Rf1 e3
27. Rxf3 Bxf3 28. Kg3 Bh5 29. a4 Kf7 30. c4 Ke7 31. a5 e2 32. axb6 axb6 33. Kf2
Kd6 34. Ra7 Kc6 35. Rxg7 b5 36. b3 bxc4 37. bxc4 Kb6 38. Re7 Ka5 39. Re5+ Kb4
40. Rxh5 gxh5 41. c5 Kb5 42. Kxe2 1-0

[Event "XV Bancpost"]
[Site "Miercurea Ciuc"]
[Date "2012.08.09"]
[Round "7.11"]
[White "Szilveszter, Sandor"]
[Black "Adam, Andrea"]
[Result "0-1"]
[WhiteElo "1727"]
[BlackElo "1888"]
[PlyCount "70"]
[EventDate "2012.??.??"]

1. d4 Nf6 2. Nf3 g6 3. g3 d5 4. Bg2 Bg7 5. O-O O-O 6. Bg5 Bf5 7. Nc3 c6 8. Bxf6
Bxf6 9. Qd2 Nd7 10. Rae1 e5 11. e4 dxe4 12. Nxe4 Bxe4 13. Rxe4 exd4 14. Nxd4
Nc5 15. Rg4 h5 16. Rf4 Ne6 17. Rxf6 Qxf6 18. Nb3 Qxb2 19. Qb4 Qxa2 20. f4 Qxc2
21. Be4 Qe2 22. f5 Ng5 23. Bg2 a5 24. Qf4 Qg4 25. Qc1 a4 26. Rf4 Nh3+ 27. Bxh3
Qxh3 28. f6 Rfe8 29. Nc5 b6 30. Rf1 Kh7 31. Qc4 Ra7 32. Nxa4 Qe6 33. Qxe6 Rxe6
34. Nxb6 Ra2 35. h4 Ree2 0-1

[Event "XV Bancpost"]
[Site "Miercurea Ciuc"]
[Date "2012.08.09"]
[Round "7.12"]
[White "Ciocanaru, Andrei"]
[Black "Ordog, Robert"]
[Result "0-1"]
[WhiteElo "1670"]
[BlackElo "1875"]
[PlyCount "94"]
[EventDate "2012.??.??"]

1. e4 e5 2. Nf3 Nf6 3. d3 Nc6 4. Be2 d5 5. Nbd2 Bb4 6. c3 Bd6 7. h3 O-O 8. O-O
a5 9. Qc2 b5 10. b3 Bb7 11. Bb2 b4 12. a3 Qe7 13. axb4 axb4 14. c4 dxe4 15.
Nxe4 Nxe4 16. dxe4 Bc5 17. Rfd1 Rxa1 18. Rxa1 Nd4 19. Qd3 Rd8 20. Rd1 f5 21.
Bxd4 Bxd4 22. Nxd4 Rxd4 23. Qe3 Rxd1+ 24. Bxd1 Bxe4 25. Bf3 Bxf3 26. Qxf3 g6
27. Qd5+ Kg7 28. c5 Kf6 29. Qc4 e4 30. Qxb4 Qe5 31. Qc4 f4 32. Kf1 f3 33. Qc1
Qh2 34. Qc3+ Kf7 35. gxf3 Qxh3+ 36. Ke2 Qxf3+ 37. Qxf3+ exf3+ 38. Kxf3 Ke6 39.
Ke4 h5 40. b4 c6 41. Kf4 h4 42. Kg4 g5 43. f4 gxf4 44. Kxh4 Kf5 45. b5 cxb5 46.
c6 Ke6 47. Kg4 b4 0-1

[Event "XV Bancpost"]
[Site "Miercurea Ciuc"]
[Date "2012.08.09"]
[Round "7.13"]
[White "Szakats, Istvan"]
[Black "Varga, Adrienn"]
[Result "1-0"]
[WhiteElo "1845"]
[BlackElo "1550"]
[PlyCount "83"]
[EventDate "2012.??.??"]

1. e4 e5 2. Nf3 Nc6 3. Bb5 a6 4. Ba4 b5 5. Bb3 Na5 6. Nc3 d6 7. d4 Nxb3 8. axb3
exd4 9. Nxb5 c5 10. O-O Bg4 11. Na3 Nf6 12. Bg5 Be7 13. Re1 Qc7 14. Nc4 O-O 15.
e5 dxe5 16. Ncxe5 Bh5 17. Qd3 a5 18. h3 Rfe8 19. g4 Bg6 20. Nxg6 hxg6 21. Qb5
Reb8 22. Qd3 Rd8 23. Bxf6 Bxf6 24. Re4 Re8 25. Rae1 Qc6 26. g5 Rxe4 27. Qxe4
Qxe4 28. Rxe4 Bd8 29. Re8+ Kh7 30. Ne5 Bc7 31. Rxa8 Bxe5 32. Rxa5 Bd6 33. Ra8
Bf4 34. Rc8 Bxg5 35. Rxc5 Bc1 36. Rc7 Kg8 37. Rc8+ Kh7 38. b4 Bxb2 39. b5 Ba3
40. b6 Bd6 41. b7 Be5 42. b8=Q 1-0

[Event "XV Bancpost"]
[Site "Miercurea Ciuc"]
[Date "2012.08.09"]
[Round "7.14"]
[White "Banzea, Alexandru-Bogdan"]
[Black "Kiraly, Ferenc"]
[Result "1/2-1/2"]
[WhiteElo "1637"]
[BlackElo "1836"]
[PlyCount "111"]
[EventDate "2012.??.??"]

1. e4 d6 2. d4 c5 3. Nf3 cxd4 4. Nxd4 Nc6 5. Nc3 a6 6. Be3 Nf6 7. f3 e6 8. Qd2
Bd7 9. Bc4 Be7 10. a3 Rc8 11. Nxc6 Bxc6 12. Bb3 O-O 13. Rd1 Qc7 14. h4 d5 15.
exd5 exd5 16. O-O Rfd8 17. Qf2 Qd6 18. g4 Qb8 19. Ba7 Qf4 20. Be3 Qd6 21. g5
Nh5 22. Nxd5 Bxd5 23. Rxd5 Qc6 24. Rfd1 Rxd5 25. Rxd5 b6 26. f4 g6 27. Rd3 b5
28. Qg2 Qxg2+ 29. Kxg2 Ng7 30. Bf2 Nf5 31. Rd7 a5 32. c3 Kf8 33. Rd2 b4 34.
axb4 axb4 35. cxb4 Bxb4 36. Rc2 Rd8 37. Rc4 Be7 38. Bc2 Nd6 39. Rc6 Nb5 40. f5
gxf5 41. Bxf5 Nd4 42. Bxd4 Rxd4 43. Kh3 Rb4 44. Bxh7 Rxb2 45. Rc3 Ra2 46. Kg4
Ra4+ 47. Kh5 Kg7 48. Bc2 Ra8 49. Bb3 f5 50. gxf6+ Kxf6 51. Rf3+ Ke5 52. Re3+
Kd6 53. Re6+ Kd7 54. Rh6 Ra5+ 55. Kg4 Re5 56. Be6+ 1/2-1/2

[Event "XV Bancpost"]
[Site "Miercurea Ciuc"]
[Date "2012.08.09"]
[Round "7.15"]
[White "Szebeni-Janosi, Pal"]
[Black "Ordog, Akos"]
[Result "1-0"]
[WhiteElo "1812"]
[BlackElo "1642"]
[PlyCount "35"]
[EventDate "2012.??.??"]

1. Nf3 d5 2. g3 c6 3. Bg2 Nd7 4. d4 Ngf6 5. Nc3 e6 6. O-O Bd6 7. Bg5 h6 8. Bd2
O-O 9. Qc1 Re8 10. Re1 e5 11. e4 dxe4 12. Nxe4 Nxe4 13. Rxe4 Nf6 14. Rh4 e4 15.
Ne5 Bxe5 16. dxe5 Rxe5 17. Bxh6 Qd5 18. Bxg7 1-0

[Event "XV Bancpost"]
[Site "Miercurea Ciuc"]
[Date "2012.08.09"]
[Round "7.19"]
[White "Fugulyan, Grigore"]
[Black "Rosca, Grigore"]
[Result "1-0"]
[WhiteElo "1915"]
[BlackElo "1597"]
[PlyCount "77"]
[EventDate "2012.??.??"]

1. d4 Nf6 2. c4 e6 3. Nc3 c5 4. Nf3 Qb6 5. d5 exd5 6. cxd5 d6 7. e4 Bg4 8. h3
Bh5 9. Bb5+ Nbd7 10. Bg5 O-O-O 11. Bxd7+ Rxd7 12. Bxf6 gxf6 13. Qb3 Bxf3 14.
Qxb6 axb6 15. gxf3 Bh6 16. Ke2 Re7 17. Kd3 Kd7 18. a4 Ra8 19. Rhg1 Bg5 20. Ne2
Bh4 21. Ng3 Bg5 22. Nf5 Ree8 23. h4 Bf4 24. Ne3 Rg8 25. Rxg8 Rxg8 26. Nc4 Kc7
27. Ne3 h5 28. Nf5 Rg2 29. Rf1 Rh2 30. b3 Rh3 31. Ke2 b5 32. a5 Kb8 33. b4 Ka7
34. bxc5 dxc5 35. d6 Ka6 36. d7 Bc7 37. Rd1 Bd8 38. Nd6 Bxa5 39. Ra1 1-0

[Event "XV Bancpost"]
[Site "Miercurea Ciuc"]
[Date "2012.08.09"]
[Round "7.20"]
[White "Turcuman, Dragos-Mihai"]
[Black "Oros, Vlad-Dragos"]
[Result "1-0"]
[WhiteElo "1569"]
[BlackElo "1708"]
[PlyCount "119"]
[EventDate "2012.??.??"]

1. e4 c5 2. Nc3 Nc6 3. f4 d6 4. Nf3 Bg4 5. Be2 g6 6. h3 Bxf3 7. Bxf3 Bg7 8. d3
e6 9. O-O Nge7 10. Ne2 f5 11. c3 fxe4 12. dxe4 O-O 13. g4 d5 14. e5 Qd7 15. Be3
b6 16. Qd2 Rad8 17. Rad1 Rf7 18. a3 Qe8 19. b4 c4 20. Nd4 Nxd4 21. Bxd4 Qf8 22.
Bg2 Qe8 23. Qc2 Qd7 24. h4 h5 25. Bh3 Rdf8 26. Be3 hxg4 27. Bxg4 Nf5 28. Bxf5
Rxf5 29. Qg2 Qf7 30. Rf2 Rh5 31. Qg4 Qf5 32. Qxf5 gxf5 33. Rh2 Kf7 34. Bf2 Rg8
35. Rg2 Bh6 36. Rxg8 Kxg8 37. Bg3 Bf8 38. Kh2 Rh7 39. Rg1 Bh6 40. Bf2+ Kf8 41.
Be3 Kf7 42. Kh3 Bf8 43. a4 Be7 44. Bf2 Bd8 45. Ra1 Ke8 46. Rg1 Kf7 47. Ra1 Ke8
48. Rh1 Kd7 49. Rg1 a6 50. Rg8 b5 51. a5 Ke7 52. Bc5+ Kd7 53. Bf2 Ke7 54. Bb6
Bxb6 55. axb6 Kf7 56. b7 Kxg8 57. b8=Q+ Kg7 58. Qb7+ Kg8 59. Qc8+ Kf7 60. Qd7+
1-0

[Event "XV Bancpost"]
[Site "Miercurea Ciuc"]
[Date "2012.08.09"]
[Round "7.22"]
[White "Benedek, Laszlo"]
[Black "Jakab, Nandor"]
[Result "1/2-1/2"]
[WhiteElo "1567"]
[BlackElo "1652"]
[PlyCount "46"]
[EventDate "2012.??.??"]

1. e4 e5 2. Nf3 Nc6 3. Bb5 a6 4. Ba4 b5 5. Bb3 Na5 6. O-O Nxb3 7. axb3 d6 8. h3
Nf6 9. d3 Be7 10. Nc3 Bb7 11. Nh2 O-O 12. f4 exf4 13. Bxf4 h6 14. Ng4 Nh7 15.
Ne3 Ng5 16. Ncd5 Bf6 17. c3 c6 18. Nxf6+ Qxf6 19. Nf5 Rfd8 20. Nxd6 Qe7 21.
Bxg5 hxg5 22. Nxf7 Rf8 23. Qd2 Rxf7 1/2-1/2

[Event "XV Bancpost"]
[Site "Miercurea Ciuc"]
[Date "2012.08.09"]
[Round "7.23"]
[White "Sandor, Tamas"]
[Black "Puscas, Filip-Andrei"]
[Result "1-0"]
[WhiteElo "1555"]
[BlackElo "1401"]
[PlyCount "73"]
[EventDate "2012.??.??"]

1. e4 e5 2. Nf3 Nc6 3. Bb5 a6 4. Ba4 b5 5. Bb3 Nf6 6. d3 Be7 7. O-O O-O 8. Be3
d6 9. h3 Na5 10. c3 Be6 11. Bxe6 fxe6 12. b4 Nc6 13. Nbd2 d5 14. exd5 exd5 15.
d4 Nd7 16. dxe5 Ndxe5 17. Nxe5 Nxe5 18. Bd4 Ng6 19. Nb3 Rf7 20. Re1 Qd7 21. Nc5
Bxc5 22. Bxc5 Nh4 23. Qd4 Nf5 24. Qg4 a5 25. a3 Ra6 26. Qe2 h6 27. Qe8+ Qxe8
28. Rxe8+ Kh7 29. Re5 axb4 30. cxb4 c6 31. Re2 Rd7 32. Rea2 d4 33. a4 d3 34. a5
d2 35. Rd1 g5 36. Raxd2 Rxd2 37. Rxd2 1-0

[Event "XV Bancpost"]
[Site "Miercurea Ciuc"]
[Date "2012.08.09"]
[Round "8.1"]
[White "Orso, Miklos"]
[Black "Osvath, Zoltan"]
[Result "1-0"]
[WhiteElo "2353"]
[BlackElo "1910"]
[PlyCount "57"]
[EventDate "2012.??.??"]

1. d4 Nf6 2. c4 g6 3. Nf3 Bg7 4. Nc3 d6 5. e4 O-O 6. Be2 Nc6 7. d5 Nb8 8. h3
Nbd7 9. O-O Nc5 10. Qc2 a5 11. Be3 b6 12. Nd4 Bd7 13. f4 e5 14. fxe5 dxe5 15.
Nb3 Nxb3 16. axb3 Qe7 17. Ra3 Ne8 18. Bd3 Rb8 19. c5 Qd8 20. Raa1 Bf6 21. Qd2
Ng7 22. Rxf6 Qxf6 23. Bg5 Qxg5 24. Qxg5 f6 25. Qd2 bxc5 26. Rxa5 Rxb3 27. Rxc5
Rfb8 28. Nd1 Ne8 29. d6 1-0

[Event "XV Bancpost"]
[Site "Miercurea Ciuc"]
[Date "2012.08.09"]
[Round "8.2"]
[White "Takacs, Balazs"]
[Black "Vasile, Claudiu-Daniel"]
[Result "1/2-1/2"]
[WhiteElo "2352"]
[BlackElo "2099"]
[PlyCount "62"]
[EventDate "2012.??.??"]

1. e4 e5 2. Nf3 Nc6 3. Bb5 a6 4. Bxc6 dxc6 5. d4 exd4 6. Qxd4 Qxd4 7. Nxd4 Bd7
8. Nc3 Bd6 9. Bd2 O-O-O 10. f3 Ne7 11. O-O-O Ng6 12. Nde2 Rhe8 13. Kb1 f5 14.
Bg5 Be7 15. h4 c5 16. Kc1 fxe4 17. Nxe4 Bc6 18. Rxd8+ Kxd8 19. N2g3 Bxe4 20.
Nxe4 b6 21. Kd2 Kd7 22. c4 h6 23. Bxe7 Nxe7 24. h5 Nf5 25. b3 a5 26. g4 Nd4 27.
Ke3 a4 28. bxa4 Ra8 29. Nc3 Re8+ 30. Ne4 Ra8 31. Nc3 Re8+ 1/2-1/2

[Event "XV Bancpost"]
[Site "Miercurea Ciuc"]
[Date "2012.08.09"]
[Round "8.3"]
[White "Horvath, Imre"]
[Black "Dicu, Razvan-Stefan"]
[Result "0-1"]
[WhiteElo "2281"]
[BlackElo "2217"]
[PlyCount "120"]
[EventDate "2012.??.??"]

1. c4 e5 2. Nc3 Nf6 3. g3 Nc6 4. Bg2 Bc5 5. e3 d6 6. Nge2 a6 7. O-O O-O 8. b3
Ba7 9. d3 Be6 10. Nd5 Ne8 11. h3 Qd7 12. Kh2 Nd8 13. d4 c6 14. Ndc3 f5 15. dxe5
dxe5 16. Qxd7 Bxd7 17. Ba3 Rf7 18. Rad1 Ne6 19. Rd2 Rd8 20. Rfd1 Bb6 21. Na4
Ba5 22. b4 Bc7 23. Bb2 Nf6 24. f4 exf4 25. Nxf4 Bc8 26. Rxd8+ Nxd8 27. Nc5 g5
28. Nfd3 Nd7 29. Bf3 Re7 30. e4 Nxc5 31. Nxc5 g4 32. Bg2 f4 33. gxf4 Bxf4+ 34.
Kh1 Nf7 35. Bf6 Re8 36. hxg4 Bxg4 37. Rf1 Be3 38. Kh2 Nd6 39. Bf3 Bxf3 40. Rxf3
Bxc5 41. bxc5 Nxe4 42. Bd4 Rd8 43. Bc3 Nxc3 44. Rxc3 Rd2+ 45. Kh3 Rxa2 46. Rb3
Ra5 47. Rxb7 Rxc5 48. Kg4 Rxc4+ 49. Kf5 a5 50. Ra7 a4 51. Kf6 Rf4+ 52. Ke5 Rg4
53. Kf5 h5 54. Kf6 h4 55. Kf5 h3 56. Ra8+ Kh7 57. Ra7+ Kh6 58. Ra8 Rg5+ 59. Kf4
Rg7 60. Rxa4 h2 0-1

[Event "XV Bancpost"]
[Site "Miercurea Ciuc"]
[Date "2012.08.09"]
[Round "8.4"]
[White "Dulman, Egmond-Gabriel"]
[Black "Georgescu, Gabriel-Ioan"]
[Result "1-0"]
[WhiteElo "2090"]
[BlackElo "1998"]
[PlyCount "105"]
[EventDate "2012.??.??"]

1. d4 Nf6 2. c4 g6 3. Nc3 Bg7 4. e4 d6 5. h3 O-O 6. Bg5 c5 7. d5 e6 8. Bd3 exd5
9. exd5 Nbd7 10. Nf3 Re8+ 11. Be3 Ne5 12. Nxe5 Rxe5 13. O-O a6 14. Bf4 Re8 15.
Qd2 Qc7 16. Rae1 Bd7 17. Bh6 Bh8 18. f4 b5 19. cxb5 c4 20. Bb1 axb5 21. a3 Rxe1
22. Rxe1 Re8 23. Rxe8+ Bxe8 24. Qe3 Qd7 25. f5 Bg7 26. Bxg7 Kxg7 27. g4 h6 28.
Qd4 Qe7 29. Ne4 Qe5 30. Qxe5 dxe5 31. Nxf6 Kxf6 32. d6 Bc6 33. Kf2 g5 34. Bc2
e4 35. Ke3 Ke5 36. Bxe4 Kxd6 37. Bxc6 Kxc6 38. Kd4 f6 39. a4 Kb6 40. Kd5 Ka5
41. axb5 Kxb5 42. Ke6 Kb4 43. Kxf6 Kb3 44. Kg6 Kxb2 45. f6 c3 46. f7 c2 47.
f8=Q c1=Q 48. Qxh6 Qe3 49. h4 Qe8+ 50. Kxg5 Qe3+ 51. Kg6 Qe8+ 52. Kh7 Qe4+ 53.
Qg6 1-0

[Event "XV Bancpost"]
[Site "Miercurea Ciuc"]
[Date "2012.08.09"]
[Round "8.5"]
[White "Serbanescu, Diana-Maria"]
[Black "Voda, Costel"]
[Result "1-0"]
[WhiteElo "1936"]
[BlackElo "1980"]
[PlyCount "91"]
[EventDate "2012.??.??"]

1. e4 e5 2. Nf3 Nf6 3. Nxe5 d6 4. Nf3 Nxe4 5. Nc3 Nxc3 6. dxc3 Be6 7. Bd3 Be7
8. Nd4 Qd7 9. O-O O-O 10. Qh5 g6 11. Qf3 c5 12. Bb5 Qc8 13. Nxe6 fxe6 14. Qe2
Rf7 15. Re1 a6 16. Bd3 Nc6 17. Qxe6 Qxe6 18. Rxe6 Kg7 19. Re1 Raf8 20. f3 d5
21. c4 d4 22. Be4 Bd6 23. Bd2 Ne5 24. b3 b5 25. Bd5 Ra7 26. f4 Nd7 27. g3 Nb6
28. Re6 Nc8 29. Rae1 b4 30. Bc1 a5 31. Bc6 Rc7 32. Bb5 Re7 33. Rxe7+ Nxe7 34.
Re6 Rd8 35. g4 Kf7 36. Re2 Kf6 37. h4 h5 38. f5 hxg4 39. Bg5+ Kf7 40. fxg6+ Kf8
41. h5 Rc8 42. g7+ Kf7 43. h6 Rc7 44. Be8+ Kg8 45. Re6 Nf5 46. Bg6 1-0

[Event "XV Bancpost"]
[Site "Miercurea Ciuc"]
[Date "2012.08.09"]
[Round "8.6"]
[White "Ghinea, Constantin"]
[Black "Suket, Mate"]
[Result "0-1"]
[WhiteElo "1796"]
[BlackElo "1793"]
[PlyCount "41"]
[EventDate "2012.??.??"]

1. e4 e5 2. Bc4 Nc6 3. Nf3 d6 4. h3 Be6 5. Bxe6 fxe6 6. c3 Nf6 7. d3 Be7 8. Qb3
Qd7 9. Qxb7 Rb8 10. Qa6 h6 11. Qa4 O-O 12. Qc2 Nh5 13. Be3 Nf4 14. g3 Rxb2 15.
Qd1 Ng2+ 16. Kf1 Nxe3+ 17. fxe3 Bg5 18. Nbd2 Qf7 19. Qc1 Rxd2 20. Qxd2 Qxf3+
21. Kg1 0-1

[Event "XV Bancpost"]
[Site "Miercurea Ciuc"]
[Date "2012.08.09"]
[Round "8.7"]
[White "Cornea, Alexandru"]
[Black "Szakats, Istvan"]
[Result "1-0"]
[WhiteElo "1872"]
[BlackElo "1845"]
[PlyCount "69"]
[EventDate "2012.??.??"]

1. c4 e5 2. Nc3 Nc6 3. g3 f5 4. Bg2 Nf6 5. e3 d5 6. cxd5 Nb4 7. d3 Nbxd5 8.
Nge2 c6 9. O-O Be6 10. a3 Qd7 11. Qc2 Rd8 12. Rd1 Bd6 13. b4 a6 14. Na4 Qc7 15.
Bb2 O-O 16. Rac1 Bf7 17. Nc5 Qe7 18. Qb1 Bh5 19. Re1 Ra8 20. Nb3 g5 21. Nd2 Nb6
22. Nc4 Nxc4 23. dxc4 Bg6 24. c5 Bc7 25. Qa1 Rad8 26. Rcd1 Bh5 27. Rxd8 Rxd8
28. f4 gxf4 29. exf4 Rd2 30. fxe5 Rxe2 31. Rxe2 Bxe2 32. exf6 Qe3+ 33. Kh1 Bxg3
34. Bc1 Be5 35. Qa2+ 1-0

[Event "XV Bancpost"]
[Site "Miercurea Ciuc"]
[Date "2012.08.09"]
[Round "8.8"]
[White "Adam, Andrea"]
[Black "Pessi, Emil-George"]
[Result "1/2-1/2"]
[WhiteElo "1888"]
[BlackElo "2237"]
[PlyCount "87"]
[EventDate "2012.??.??"]

1. e4 e5 2. Nf3 f5 3. d4 fxe4 4. Nxe5 Nf6 5. Bc4 d5 6. Be2 Bd6 7. Bg5 O-O 8.
O-O Nbd7 9. f4 exf3 10. Nxf3 Qe8 11. Nc3 c6 12. Nh4 Ne4 13. Nxe4 Rxf1+ 14. Qxf1
Qxe4 15. Qf2 Nf8 16. Bh5 c5 17. Re1 Qxd4 18. Bf7+ Kh8 19. Qxd4 cxd4 20. Re8 Bc5
21. Be6 d3+ 22. Kf1 Bxe6 23. Rxa8 dxc2 24. Ke2 Kg8 25. Nf3 h6 26. Bc1 b5 27.
Ne5 d4 28. Kd2 Bxa2 29. Kxc2 Bd5 30. Rc8 Bd6 31. Nf3 Be4+ 32. Kd1 d3 33. Rd8
Bc5 34. Ne5 Bb6 35. Rc8 Bf5 36. Re8 Bc5 37. Kd2 Bd6 38. Nxd3 Bxh2 39. Kc3 Kf7
40. Ra8 Bg1 41. Ne5+ Ke7 42. Nc6+ Kf7 43. Ne5+ Ke7 44. Nc6+ 1/2-1/2

[Event "XV Bancpost"]
[Site "Miercurea Ciuc"]
[Date "2012.08.09"]
[Round "8.9"]
[White "Ordog, Robert"]
[Black "Ilie, Maria-Ruxandra"]
[Result "0-1"]
[WhiteElo "1875"]
[BlackElo "2004"]
[PlyCount "76"]
[EventDate "2012.??.??"]

1. Nf3 Nf6 2. g3 g6 3. Bg2 Bg7 4. d4 d6 5. O-O O-O 6. c4 Nbd7 7. Nc3 c6 8. e4
e5 9. h3 Qc7 10. Be3 h6 11. Qb3 Re8 12. Nh4 Qd8 13. c5 exd4 14. Bxd4 Nxc5 15.
Bxc5 dxc5 16. Rad1 Qb6 17. Qc2 Qc7 18. f4 Nh5 19. Ne2 Qe7 20. e5 Nxg3 21. Nxg3
Qxh4 22. Kh2 Bg4 23. Rd2 Rad8 24. Rff2 Be6 25. Rd6 Rxd6 26. exd6 Bd4 27. Rf1
Be3 28. Qe4 Bd7 29. Qf3 Bd4 30. Ne4 Kg7 31. Qb3 b6 32. a4 f5 33. Qg3 Qxg3+ 34.
Nxg3 Bxb2 35. Rf2 Bd4 36. Re2 Rxe2 37. Nxe2 Kf6 38. Nxd4 cxd4 0-1

[Event "XV Bancpost"]
[Site "Miercurea Ciuc"]
[Date "2012.08.09"]
[Round "8.10"]
[White "Vrencian, Lehel"]
[Black "Szebeni-Janosi, Pal"]
[Result "1-0"]
[WhiteElo "1900"]
[BlackElo "1812"]
[PlyCount "99"]
[EventDate "2012.??.??"]

1. e4 e5 2. Nf3 Nc6 3. Nc3 Nf6 4. d4 exd4 5. Nxd4 Nxd4 6. Qxd4 d6 7. Bf4 Be7 8.
Bc4 a6 9. a4 O-O 10. O-O Bd7 11. Rfe1 Nh5 12. Be3 Nf6 13. h3 Qc8 14. Bf4 Nh5
15. Bh2 Nf6 16. Qd3 h6 17. a5 Re8 18. Ne2 Be6 19. Nd4 Bxc4 20. Qxc4 Bf8 21. Nf3
Nd7 22. Qd5 Nf6 23. Qd4 c5 24. Qd3 Qc6 25. e5 dxe5 26. Nxe5 Qd5 27. Qxd5 Nxd5
28. Nd7 Rxe1+ 29. Rxe1 Rd8 30. Nxf8 Kxf8 31. Rd1 Ke8 32. c4 Nc7 33. Re1+ Ne6
34. f4 Kd7 35. f5 Nd4 36. Re5 Kc6 37. Kf2 b5 38. axb6 Rd7 39. Rd5 Rxd5 40.
cxd5+ Kxb6 41. g4 f6 42. Bd6 c4 43. Ke3 Nb5 44. Bf8 c3 45. bxc3 Nxc3 46. Kd4
Ne2+ 47. Kc4 Nf4 48. Bxg7 Nxh3 49. Bxf6 Nf4 50. Be5 1-0

[Event "XV Bancpost"]
[Site "Miercurea Ciuc"]
[Date "2012.08.09"]
[Round "8.11"]
[White "Kiraly, Ferenc"]
[Black "Benedek, Istvan"]
[Result "1/2-1/2"]
[WhiteElo "1836"]
[BlackElo "1688"]
[PlyCount "35"]
[EventDate "2012.??.??"]

1. e4 c5 2. c3 d5 3. exd5 Qxd5 4. d4 cxd4 5. cxd4 Nc6 6. Nf3 Bg4 7. Be2 e6 8.
Nc3 Qd6 9. O-O Nf6 10. Be3 Be7 11. a3 O-O 12. h3 Bh5 13. Qa4 a6 14. b4 b5 15.
Qd1 Rac8 16. Rc1 Rfd8 17. Qd2 Nd5 18. Rfd1 1/2-1/2

[Event "XV Bancpost"]
[Site "Miercurea Ciuc"]
[Date "2012.08.09"]
[Round "8.12"]
[White "Padurean, Daniel-Cristian"]
[Black "Camarascu, Radu-Stefan"]
[Result "0-1"]
[WhiteElo "1578"]
[BlackElo "1790"]
[PlyCount "144"]
[EventDate "2012.??.??"]

1. e4 c5 2. Nf3 Nc6 3. d4 cxd4 4. Nxd4 Nf6 5. Nc3 e6 6. Ndb5 Bb4 7. a3 Bxc3+ 8.
Nxc3 d5 9. exd5 exd5 10. Bd3 O-O 11. O-O Be6 12. Bg5 h6 13. Bd2 a6 14. Kh1 Rc8
15. f4 d4 16. Ne4 Nxe4 17. Bxe4 Bd5 18. Bf5 Bxg2+ 19. Kxg2 Qd5+ 20. Rf3 Qxf5
21. Rg3 Rfe8 22. Kh1 Ne7 23. Bb4 Qxf4 24. Rg4 Qf2 25. Qxd4 Qxd4 26. Rxd4 Nc6
27. Rd2 Nxb4 28. axb4 Rcd8 29. Rad1 Re1+ 30. Rxe1 Rxd2 31. Re8+ Kh7 32. Re7
Rxc2 33. Rxf7 b5 34. b3 Rc3 35. Ra7 Rxb3 36. Rxa6 Rxb4 37. Rb6 Rb2 38. Kg1 h5
39. h4 Rb4 40. Kg2 Rg4+ 41. Kh3 b4 42. Rc6 g6 43. Rb6 Rc4 44. Kg3 Rc3+ 45. Kg2
b3 46. Kh2 Rc2+ 47. Kg3 b2 48. Kf3 Kg7 49. Ke4 Rc4+ 50. Kf3 Rxh4 51. Rxb2 Kh6
52. Kg3 Rc4 53. Rb5 h4+ 54. Kh3 g5 55. Rb6+ Kh5 56. Rb5 Rc3+ 57. Kh2 h3 58. Rd5
Kh4 59. Rd1 g4 60. Kh1 g3 61. Rd4+ Kg5 62. Rd1 Kf4 63. Ra1 Rc2 64. Rb1 Kf3 65.
Kg1 Ke2 66. Rf1 Rd2 67. Ra1 Rd1+ 68. Rxd1 Kxd1 69. Kh1 Ke2 70. Kg1 g2 71. Kh2
Kf2 72. Kxh3 g1=Q 0-1

[Event "XV Bancpost"]
[Site "Miercurea Ciuc"]
[Date "2012.08.09"]
[Round "8.15"]
[White "Turcuman, Dragos-Mihai"]
[Black "Fugulyan, Grigore"]
[Result "1/2-1/2"]
[WhiteElo "1569"]
[BlackElo "1915"]
[PlyCount "55"]
[EventDate "2012.??.??"]

1. e4 e5 2. Nf3 Nc6 3. Bc4 Nf6 4. d3 Be7 5. O-O d6 6. Re1 Na5 7. Nbd2 O-O 8. c3
Nxc4 9. Nxc4 h6 10. h3 Nh7 11. Ne3 Bg5 12. d4 exd4 13. Qxd4 Bf6 14. Qd3 Ng5 15.
Nxg5 Bxg5 16. Nc2 Kh8 17. Nd4 Bxc1 18. Raxc1 Bd7 19. Qg3 Qg5 20. Qxg5 hxg5 21.
e5 c5 22. Nb3 c4 23. Nd4 dxe5 24. Rxe5 f5 25. Re7 Rad8 26. Rce1 Kg8 27. Kf1 Rf7
28. Rxf7 1/2-1/2